La Estrategia de la modernización capitalista de la economía /
Guardat en:
| Autor principal: | |
|---|---|
| Format: | Text |
| Etiquetes: |
Afegir etiqueta
Sense etiquetes, Sigues el primer a etiquetar aquest registre!
|
MARC
| LEADER | 00000 a a2200000 04500 | ||
|---|---|---|---|
| 001 | 699 | ||
| 003 | |||
| 040 | |||
| 100 | |a Karaváviev, Alexandr | ||
| 245 | |a La Estrategia de la modernización capitalista de la economía / |c Alexandr Karaváviev | ||
| 773 | |g número 4; páginas 19-36 | ||
| 999 | |c 36203 |d 36203 | ||
